Código de Procedimiento Civil: edición oficial, aprobada por Decreto N§ 895, de 7 de octubre de 2002, del Ministerio de Justicia

Gorde:
Xehetasun bibliografikoak
Formatua: Liburua
Hizkuntza:gaztelania
Argitaratua: Santiago Jurídica de Chile 2002
Edizioa:16a. ed
Gaiak:
Etiketak: Etiketa erantsi
Etiketarik gabe, Izan zaitez lehena erregistro honi etiketa jartzen!

MARC

LEADER 00000nam a2200000 a 4500
001 UCM8975
003 CL-VaPUC
008 030404e20021200CL |||||||||||||||||spa|d
082 0 4 |a 347.83  |b COD  |2 21 
245 1 0 |a Código de Procedimiento Civil: edición oficial, aprobada por Decreto N§ 895, de 7 de octubre de 2002, del Ministerio de Justicia 
250 |a 16a. ed 
300 |a 399 p 
942 |c BK 
945 |d 20030404 00:00:00  |a cmena 
260 |a Santiago  |b Jurídica de Chile  |c 2002 
500 |a Apéndice actualizado a Noviembre de 2002 
650 0 |a Actos judiciales no contenciosos   |9 391844 
650 7 |a CODIGO DE PROCEDIMIENTO  |2 CL-VaPUC  |9 352916 
650 7 |a JUICIO ORDINARIO  |2 CL-VaPUC  |9 254867 
650 7 |a JUICIOS ESPECIALES  |2 CL-VaPUC  |9 348378 
651 7 |a CHILE  |2 CL-VaPUC  |9 475305 
583 |a last modification  |c 20111020 11:19:18  |k Rodrigo Vera 
999 |c 303382  |d 303380 
952 |0 0  |1 0  |2 ddc  |4 0  |6 347_830000000000000_COD_2002  |7 0  |8 FOND_LRYV  |9 364652  |a BIBDER  |b BIBDER  |d 2019-11-21  |i 3891941  |o 347.83 COD 2002  |p 3891941  |r 2023-01-25  |w 2019-11-21  |y BK_X  |k DER 
952 |0 0  |1 0  |2 ddc  |4 0  |6 347_830000000000000_COD_2002  |7 0  |8 FOND_LRYV  |9 364654  |a BIBDER  |b BIBDER  |d 2019-11-21  |i 3891968  |o 347.83 COD 2002  |p 3891968  |r 2023-01-25  |w 2019-11-21  |y BK_X  |k DER